000 00317nam a22001337a 4500
008 170905b xxu||||| |||| 00| 0 eng d
020 _a 9780534085988
041 _aeng
080 _25TH
_a070
100 _a40
101 _aMED
245 _aINTERCULTURAL COMMUNICATION A READER
_cSAMOVAR,L.A
942 _2udc
_cBK
999 _c26186
_d26186